| 000 | 00817naa a2200229 i 4500 | ||
|---|---|---|---|
| 001 | 71521 | ||
| 003 | ES-MaBCM | ||
| 005 | 20241016115849.0 | ||
| 008 | 001215s2000 esp 000 0 spa d | ||
| 021 | _axx | ||
| 035 | _a(OCoLC)1365143603 | ||
| 040 | _cES-MaBCM | ||
| 041 | 0 | _aspa | |
| 043 | _aesp | ||
| 100 | 1 |
_aLanda Zapirain, Juan Pablo _925461 |
|
| 245 | 1 | 0 |
_aLa construcción dogmática de un derecho social europeo _b: en especial, con referencia a los perfiles conceptuales de la libre circulación de personas _cJuan Pablo Landa Zapirain |
| 650 | 2 | 7 |
_aDerecho social _958364 |
| 650 | 7 |
_aLibertad de circulación _957912 |
|
| 650 | 2 | 7 |
_aDerecho de la UE _958300 |
| 773 | 0 |
_aEn: _tNoticias de la Unión Europea _dValencia : 2000 _w104968 _gaño XVI, n. 191, dic., p. 79-86. - Loc. S.135 |
|
| 942 | _cAREV | ||
| 999 |
_c71521 _d71521 |
||